"Land" Countries - Statistics

General Stats
  • This quiz has been taken 399 times
  • The average score is 9 of 18
Answer Stats
Country % Correct
Iceland
84%
Finland
83%
Ireland
81%
Poland
70%
Thailand
70%
Netherlands
68%
Switzerland
65%
New Zealand
64%
Swaziland
59%
Marshall Islands
39%
Solomon Islands
39%
Kazakhstan
23%
Tajikistan
23%
Uzbekistan
23%
Pakistan
22%
Turkmenistan
22%
Afghanistan
21%
Kyrgyzstan
21%
No matching quizzes found
Score Distribution
Percent of People with Each Score
Percentile by Number Answered
Your Score History
You have not taken this quiz